| 000 | 00652naa a2200193 a 4500 | ||
|---|---|---|---|
| 003 | BD-RjUL | ||
| 005 | 20221220141938.0 | ||
| 008 | 221220s1980 ii ||||| |||| 00| 0 ara d | ||
| 035 | _a(BD-RjUL) | ||
| 040 |
_aBD-RjUL _beng _cBD-RjUL |
||
| 041 | _aeng | ||
| 082 |
_223 _a297.09 _bNAA 1980 |
||
| 100 | 1 | 0 |
_aNadawi, Abu Al-Hassan Ali الندوي, أبو الحسن علي _96388 |
| 245 | 1 | 4 |
_aالعرب والإسلام al araab walislam / _c Abu Al-Hassan Ali Al-Nadawi أبو الحسن علي الندوي |
| 264 |
_aLakhnu : _bMatbat Lakhnu, _c1980 |
||
| 300 |
_a120 p. ; _c22 cm |
||
| 650 |
_aHistory _vIslam _96293 |
||
| 942 |
_2ddc _cBK |
||
| 999 |
_c80998 _d80998 |
||